000 00293 a2200133 4500
020 _a9780545374675
041 _aspa
100 _aMiles, Ellen
245 _aCachorritos : Pintas
500 _a"todos los perritos necesitan un hogar"--Cover
942 _cBK
999 _c8389
_d8389
999 _d8389
999 _d8389